000 00404nam a22001697a 4500
005 20160528100501.0
008 160528b xxu||||| |||| 00| 0 eng d
020 _a978-81-317-1683-0
041 _aeng
082 _b5674
100 _aKotler Philip and others
_91422
245 _aMarketing Management
260 _aNew Delhi
_bPHI,
_c2009
300 _a647
650 _aManagement
_9241
942 _cBK
999 _c2016
_d2015